| 000 | 01556nam a2200373 c 4500 | ||
|---|---|---|---|
| 003 | BLK | ||
| 005 | 20250728095459.0 | ||
| 008 | 180409b bul|||||r ||||||| ||bul|| | ||
| 010 | _aKNG00106512000 | ||
| 020 | _a954-9745-55-4 | ||
| 040 | _aBLK | ||
| 041 |
_aBUL _cBUL |
||
| 080 |
_aРуска литература _b821.161.1 _x-312.4 _z821.161.1-312.4 |
||
| 100 | 1 |
_aАкунин, Борис _eпърви автор _gЧхартишвили, Григорий Шалвович _929916 |
|
| 139 |
_aАкунин, Борис _bА 45 |
||
| 245 | 1 | 0 |
_aЛевиатан _bРоман _cБорис Акунин; прев. Татяна Балова; * Григорий Шалвович Чхартишвили. |
| 257 | _aRUS | ||
| 260 |
_bЕднорог _c2003 _fСофия : Дракон _aСофия |
||
| 300 |
_a255 с. _c20 см |
||
| 380 | _aX | ||
| 490 | 1 | _aПоредица Приключенията на Ераст Фандорин | |
| 500 | _aИстинското име на авт. е Григорий Шалвович Чхартишвили. - Ориг. загл. Левиафан / B. Akunin. - Офс. изд. | ||
| 653 | _aЕраст Фандорин | ||
| 653 | _aромани | ||
| 700 | 1 |
_aБалова, Татяна _eпрев. _9365658 |
|
| 700 | 1 |
_aЧхартишвили, Григорий Шалвович _e* _9372450 |
|
| 852 | _aЦб 215065 | ||
| 856 | 4 | _qpdf | |
| 856 | 4 | _qpdf | |
| 942 |
_cKNG _n0 _06 |
||
| 944 |
_aCR _c01.01.2003 _k30549 _lВася Ганчева |
||
| 944 |
_aED _c13.07.2005 |
||
| 999 |
_c101463 _d101463 |
||
| 999 | _d101463 | ||